trouver les villes de Seine-Saint-Denis avec leurs code postal - Statistiques

Statistiques générales
  • Ce quiz a été pris 45 fois
  • Le résultat moyen est 24 sur 40
Statistiques - réponses
Hint Réponse % Correct
Bobigny 93000
94%
Saint-Denis 93200
88%
Saint-Ouen 93400
88%
Montreuil 93100
85%
Aulnay-sous-bois 93600
85%
Pantin 93500
82%
Aubervilliers 93300
79%
La Courneuve 93120
76%
Sevran 93270
73%
Drancy 93700
73%
Epinay-sur-Seine 93800
73%
Le blanc-Mesnil 93150
70%
Bagnolet 93170
70%
gagny 93220
64%
Romainville 93230
64%
Rosny-sous-Bois 93110
61%
Les lilas 93260
61%
Noisy-le-Sec 93130
58%
Stains 93240
58%
Villemomble 93250
58%
Le Pré-Saint-Gervais 93310
58%
Neuilly-sur-Marne 93330
58%
Livry-Gargan 93190
55%
Les Pavillons-sous-Bois 93320
55%
Montfermeil 93370
55%
Vaujours 93410
55%
Villepinte 93420
55%
Villetaneuse 93430
55%
L'Île-Saint-Denis 93450
55%
Noisy-le-Grand 93160
52%
Le Raincy 93340
52%
Neuilly-Plaisance 93360
48%
Clichy-sous-bois 93390
48%
Tremblay-en-France 93290
45%
Le Bourget 93350
42%
Pierrefitte-sur-Seine 93380
42%
Dugny 93440
39%
Gournay-sur-marne 93460
39%
Bondy 93470
36%
Coubron 93470
36%
Aucun quiz correspondant
Distribution des résultats
% des personnes avec chaque résultat
Percentile par nombre de réponses
Votre historique - résultats
Vous n’avez pas pris ce quiz